Lejislación militar de Chile: comprende las disposiciones de carácter jeneral dictadas desde el año 1812 hasta noviembre de 1882, i vijentes en esta última fecha

שמור ב:
מידע ביבליוגרפי
מחבר ראשי: Risopatrón Cañas, Darío (Author)
פורמט: ספר
שפה:ספרדית
יצא לאור: Santiago Imprenta Gutemberg 1882
נושאים:
תגים: הוספת תג
אין תגיות, היה/י הראשונ/ה לתייג את הרשומה!

MARC

LEADER 00000nam a2200000 a 4500
001 UCY4079
003 CL-VaPUC
008 950227e18820000CL |||||||||||||||||spa|d
082 0 4 |a 343.014  |b RIS  |2 21 
100 0 |a Risopatrón Cañas, Darío  |e author  |9 332483 
245 1 0 |a Lejislación militar de Chile: comprende las disposiciones de carácter jeneral dictadas desde el año 1812 hasta noviembre de 1882, i vijentes en esta última fecha 
300 |a v 
942 |c BK 
945 |d 19950227 00:00:00  |a aalvarez 
260 |a Santiago  |b Imprenta Gutemberg  |c 1882 
650 7 |a DERECHO MILITAR CHILENO  |2 CL-VaPUC  |9 332484 
650 0 |a Historia del derecho  |9 255109 
651 7 |a CHILE  |2 CL-VaPUC  |9 332485 
583 |a last modification  |c 20170612 12:52:06  |k Rodrigo Vera 
999 |c 232046  |d 232044 
952 |0 0  |1 0  |2 ddc  |4 0  |5 1  |6 343_014000000000000_RIS_1882  |7 1  |8 C_LRYV  |9 236043  |a FDOBRV  |b BIBDER  |d 2019-11-15  |h v.1  |i 3060829  |o 343.014 RIS 1882  |p 3060829  |r 2023-01-25  |w 2019-11-15  |y BK_X  |k BRV 
952 |0 0  |1 0  |2 ddc  |4 0  |5 1  |6 343_014000000000000_RIS_1882  |7 1  |8 C_LRYV  |9 236044  |a FDOBRV  |b BIBDER  |d 2019-11-15  |h v.2-3  |i 3060861  |o 343.014 RIS 1882  |p 3060861  |r 2023-01-25  |w 2019-11-15  |y BK_X  |k BRV 
952 |0 0  |1 0  |2 ddc  |4 0  |5 1  |6 343_014000000000000_RIS_1882  |7 1  |8 C_LRYV  |9 236045  |a FDOBRV  |b BIBDER  |d 2019-11-15  |h v.1  |i 1892231  |o 343.014 RIS 1882  |p 1892231  |r 2023-01-25  |w 2019-11-15  |y BK_X  |k BRV 
952 |0 0  |1 0  |2 ddc  |4 0  |5 1  |6 343_014000000000000_RIS_1882  |7 1  |8 C_LRYV  |9 236046  |a FDOBRV  |b BIBDER  |d 2019-11-15  |h v.2-3  |i 1892398  |o 343.014 RIS 1882  |p 1892398  |r 2023-01-25  |w 2019-11-15  |y BK_X  |k BRV